Commission for Architecture and the Built Environment (CABE) (Record no. 120362)
[ view plain ]
| 000 -LEADER | |
|---|---|
| fixed length control field | 00991cam a2200193 4500 |
| 001 - CONTROL NUMBER | |
| control field | WS124044 |
| 008 - FIXED-LENGTH DATA ELEMENTS--GENERAL INFORMATION | |
| fixed length control field | 031027n 000 0 eng u |
| 035 ## - SYSTEM CONTROL NUMBER | |
| System control number | (Sirsi) u124044 |
| 110 ## - MAIN ENTRY--CORPORATE NAME | |
| Corporate name or jurisdiction name as entry element | Commission for Architecture and the Built Environment |
| 9 (RLIN) | 4058 |
| 245 ## - TITLE STATEMENT | |
| Title | Commission for Architecture and the Built Environment (CABE) |
| 520 ## - SUMMARY, ETC. | |
| Summary, etc. | Web site for this organisation which aims to inspire people to demand more from their buildings and spaces. Includes details of events and publications and their design review series. UPDATE. CABE merged with the design council on 1 April 2011 following an agreement reached by the two bodies and government. |
| 650 ## - SUBJECT ADDED ENTRY--TOPICAL TERM | |
| Topical term or geographic name entry element | ORGANISATION |
| 650 ## - SUBJECT ADDED ENTRY--TOPICAL TERM | |
| Topical term or geographic name entry element | DESIGN |
| 650 ## - SUBJECT ADDED ENTRY--TOPICAL TERM | |
| Topical term or geographic name entry element | PUBLIC SPACE |
| 650 ## - SUBJECT ADDED ENTRY--TOPICAL TERM | |
| Topical term or geographic name entry element | ARCHITECTURE |
| 690 ## - LOCAL SUBJECT ADDED ENTRY--TOPICAL TERM (OCLC, RLIN) | |
| Topical term or geographic name as entry element | BUILT ENVIRONMENT-CONSTRUCTION DESIGN |
| 856 40 - ELECTRONIC LOCATION AND ACCESS | |
| Uniform Resource Identifier | <a href="https://webarchive.nationalarchives.gov.uk/20110118095356/http://www.cabe.org.uk/home">https://webarchive.nationalarchives.gov.uk/20110118095356/http://www.cabe.org.uk/home</a> |
| Public note | View a permanent archive of the CABE website on the National Archive |
| 942 ## - ADDED ENTRY ELEMENTS (KOHA) | |
| Suppress in OPAC | 0 |
| Withdrawn status | Lost status | Source of classification or shelving scheme | Damaged status | Not for loan | Home library | Current library | Shelving location | Date acquired | Total Checkouts | Full call number | Barcode | Date last seen | Copy number | Price effective from | Koha item type |
|---|---|---|---|---|---|---|---|---|---|---|---|---|---|---|---|
| Dewey Decimal Classification | Virtual | Virtual | Online | 27/10/2003 | WEB SITE | 124044-1001 | 06/08/2019 | 1 | 06/08/2019 | Online material |